00810 a2200181 45000010006000000050017000060080041000230030015000640400040000790800018001192450037001370200022001742640055001963000019002515050241002701000018005118560099005294750420260407155742.0260407a2007 arg spa dAR-UNSa-BCEJYS aAR-UNSa-BCEJYSbspacAR-UNSa-BCEJYS a530xFísica10aLa física en la vida cotidiana a978-987-1220-81-6 1aBuenos Aires :bSiglo XXI Editores Argentinac2007 a221 p.c19 cm. a1. Lo que se ve y que se oculta - 2. Lo que se frena, lo que gira y lo que se acelera - 3. Lo que flota, lo que vuela y lo que se hunde - 4. Lo que suena y lo que calla - 5. Lo que se atrae y lo que se repele - 6. Lo frio y lo caliente 1 aRojo, Alberto41uhttps://www.biblioeco.unsa.edu.ar/pmb/images/libros/L127542.jpgyImagen de portadaqimage/jpeg